Kabale University Library Catalogue

Teaching strategies/ (Record no. 5935)

MARC details
000 -LEADER
fixed length control field 01469cam a2200409 a 4500
001 - CONTROL NUMBER
control field 16637738
003 - CONTROL NUMBER IDENTIFIER
control field OSt
005 - DATE AND TIME OF LATEST TRANSACTION
control field 20260202141010.0
008 - FIXED-LENGTH DATA ELEMENTS--GENERAL INFORMATION
fixed length control field 110204s2011 nyua b 001 0 eng
010 ## - LIBRARY OF CONGRESS CONTROL NUMBER
LC control number 2011004275
020 ## - INTERNATIONAL STANDARD BOOK NUMBER
International Standard Book Number 9781612096872
Qualifying information hardcover
020 ## - INTERNATIONAL STANDARD BOOK NUMBER
Canceled/invalid ISBN 9781622570812
Qualifying information (eBook)
035 ## - SYSTEM CONTROL NUMBER
System control number 16637738
040 ## - CATALOGING SOURCE
Original cataloging agency KABLIB
Transcribing agency KABLIB
Modifying agency KABLIB
042 ## - AUTHENTICATION CODE
Authentication code pcc
050 00 - LIBRARY OF CONGRESS CALL NUMBER
Classification number LB1027.3
Item number .T43 2011
082 00 - DEWEY DECIMAL CLASSIFICATION NUMBER
Classification number 371.3
Edition number 23
Item number TEA
100 ## - MAIN ENTRY--PERSONAL NAME
Personal name Donald C. Orlich
9 (RLIN) 14971
245 00 - TITLE STATEMENT
Title Teaching strategies/
260 ## - PUBLICATION, DISTRIBUTION, ETC.
Place of publication, distribution, etc. New York :
Name of publisher, distributor, etc. NOVA, Nova Science Publishers, Inc.,
Date of publication, distribution, etc. c2011.
300 ## - PHYSICAL DESCRIPTION
Extent xiv, 379 p. :
Other physical details ill. ;
Dimensions 24 cm.
336 ## - CONTENT TYPE
Content type term text
Content type code txt
Source rdacontent
337 ## - MEDIA TYPE
Media type term unmediated
Media type code n
Source rdamedia
338 ## - CARRIER TYPE
Carrier type term volume
Carrier type code nc
Source rdacarrier
490 0# - SERIES STATEMENT
Series statement Education in a competitive and globalizing world
504 ## - BIBLIOGRAPHY, ETC. NOTE
Bibliography, etc. note Includes bibliographical references and index.
650 #0 - SUBJECT ADDED ENTRY--TOPICAL TERM
Topical term or geographic name entry element Teaching.
9 (RLIN) 5675
650 #0 - SUBJECT ADDED ENTRY--TOPICAL TERM
Topical term or geographic name entry element Education
General subdivision Experimental methods.
9 (RLIN) 14972
650 #0 - SUBJECT ADDED ENTRY--TOPICAL TERM
Topical term or geographic name entry element Thought and thinking
General subdivision Study and teaching.
9 (RLIN) 14973
650 #0 - SUBJECT ADDED ENTRY--TOPICAL TERM
Topical term or geographic name entry element Learning, Psychology of.
9 (RLIN) 5133
700 1# - ADDED ENTRY--PERSONAL NAME
Personal name Henderson, Jamie P.
9 (RLIN) 14974
700 1# - ADDED ENTRY--PERSONAL NAME
Personal name Lawrence, Adam D.
9 (RLIN) 14975
906 ## - LOCAL DATA ELEMENT F, LDF (RLIN)
a 7
b cbc
c orignew
d 1
e ecip
f 20
g y-gencatlg
942 ## - ADDED ENTRY ELEMENTS (KOHA)
Source of classification or shelving scheme Dewey Decimal Classification
Koha item type Book
Holdings
Withdrawn status Lost status Source of classification or shelving scheme Damaged status Not for loan Home library Current library Date acquired Total Checkouts Full call number Barcode Date last seen Price effective from Koha item type
    Dewey Decimal Classification     Education Library Education Library 02.02.2026   371.3 TEA 14378 02.02.2026 02.02.2026 Book

Kabale University Library | Kabale University P.O Box 317, Kabale, Uganda
Tel : +256754017033, +256774661503 E-mail : library@kab.ac.ug